Sports Quiz

Random Sports or NFL Quiz
Score 0/13 Timer 06:00
0 Plays Today
Year Player % Correct
2009Ryan Succop
77.8%
2012Chandler Harnish
66.7%
2008David Vobora
44.4%
2010Tim Toone
33.3%
2006Kevin McMahan
33.3%
2005Andy Stokes
33.3%
2003Ryan Hoag
33.3%
2002Ahmad Miller
33.3%
2000Michael Green
33.3%
2011Cheta Ozougwu
22.2%
2007Ramzee Robinson
22.2%
2004Andre Sommersell
22.2%
2001Tevita Ofahengaue
22.2%
Remove Ads.
Support Sporcle.
Get the best of Sporcle when you Go Orange. This ad-free experience offers more features, more stats, and more fun while also helping to support Sporcle. Thank you for becoming a member.

You're not logged in!

Compare scores with friends on all Sporcle quizzes.
OR
Log In

Show Comments

Extras

Created Jul 19, 2012ReportNominate
Tags:NFL Quiz, NFL Draft

Top Quizzes Today


Score Distribution

Your Account Isn't Verified!

In order to create a playlist on Sporcle, you need to verify the email address you used during registration. Go to your Sporcle Settings to finish the process.

Report this User

Report this user for behavior that violates our Community Guidelines.

Details: